Normal view
MARC view
- GILMAN, WILBUR,MULGRAVE, DOROTHY,PRONOVAST, WILBERT
Entry Personal Name
001 - CONTROL NUMBER
- control field: 57831
003 - CONTROL NUMBER IDENTIFIER
- control field: NUST
005 - DATE AND TIME OF LATEST TRANSACTION
- control field: 20210628202013.0
008 - FIXED-LENGTH DATA ELEMENTS
- fixed length control field: 210628|| aca||aabn | a|a d
040 ## - CATALOGING SOURCE
- Original cataloging agency: NUST
- Transcribing agency: NUST
100 ## - HEADING--PERSONAL NAME
- Personal name: GILMAN, WILBUR,MULGRAVE, DOROTHY,PRONOVAST, WILBERT
670 ## - SOURCE DATA FOUND
- Source citation: Work cat.: (NUST): GILMAN, WILBUR,MULGRAVE, DOROTHY,PRONOVAST, WILBERT, SPEECH A HANDBOOK OF VOICE TRAINING DICTION AND PUBLIC SPEAKING, 1954
